Detalles MARC
| 000 -LÍDER |
| Campo fijo de descripción fija |
01851nam a2200325 i 4500 |
| 001 - NÚMERO DE CONTROL |
| Campo de control |
768714001 |
| 003 - IDENTIFICADOR DEL NÚMERO DE CONTROL |
| Campo de control |
CO-MdFUSB |
| 005 - FECHA Y HORA DE LA ULTIMA TRANSACCIÓN |
| control field |
20220623062547.0 |
| 008 - ELEMENTOS DE LONGITUD FIJA -- INFORMACIÓN GENERAL |
| Campo fijo de descripción fija -- Información general |
190924t1998 sp |||| |||| 00| 0 spa d |
| 020 ## - NÚMERO INTERNACIONAL NORMALIZADO PARA LIBROS |
| Número Internacional Normalizado del libro |
9788479532048 |
| 040 ## - FUENTE DE CATALOGACIÓN |
| Agencia de catalogación original |
CO-MdFUSB |
| Idioma de catalogación |
spa |
| Agencia que realiza la transcripción |
CO-MdFUSB |
| Agencia que realiza la modificación |
CO-MdFUSBC |
| Convenciones de la descripción |
rda |
| 041 ## - CÓDIGO DE IDIOMA |
| Código de idioma para texto/pista de sonido o título separado |
spa |
| Código de idioma original |
fre |
| 082 ## - NÚMERO DE CLASIFICACIÓN DECIMAL DEWEY |
| Número de la edición del Dewey |
23 |
| Número de clasificación |
G294.34 |
| Clave de autor-Numero de item |
M744m |
| 240 ## - TITULO UNIFORME |
| Título uniforme |
<a href="Le moine et le philosophe">Le moine et le philosophe</a> |
| 245 13 - TÍTULO |
| Título del Material |
El monje y el filósofo : |
| Parte restante del título - Subtitulo |
¿es el budismo una respuesta a las inquietudes del hombre de hoy? |
| Mención de responsabilidad, etc. |
/ Jean-François Revel ; Matthieu Ricard ; traducido por Juan José del Solar. |
| 264 #1 - PRODUCCIÓN, PUBLICACIÓN, DISTRIBUCIÓN, MANUFACTURA, Y COPYRIGHT |
| Lugar de producción, publicación, distribución, manufactura |
Barcelona, España : |
| Nombre del productor, publicador, distribuidor |
Ediciones Urano, |
| Fecha de producción, publicación, distribución, manufactura, o copyright |
[1998] |
| 264 #4 - PRODUCCIÓN, PUBLICACIÓN, DISTRIBUCIÓN, MANUFACTURA, Y COPYRIGHT |
| Fecha de producción, publicación, distribución, manufactura, o copyright |
© 1998 |
| 300 ## - DESCRIPCIÓN FÍSICA |
| Extensión |
326 páginas |
| Dimensiones |
; 22 cm |
| 336 ## - TIPO DE CONTENIDO |
| Fuente |
rdacontent |
| Término de tipo de contenido |
texto |
| Código de tipo de contenido |
txt |
| 337 ## - TIPO DE MEDIO |
| Fuente |
rdamedia |
| Nombre del tipo de medio |
sin mediación |
| Código del tipo de medio |
n |
| 338 ## - TIPO DE SOPORTE |
| Fuente |
rdacarrier |
| Nombre del tipo de soporte |
volumen |
| Código Tipo de soporte |
nc |
| 505 ## - NOTA DE CONTENIDO |
| Nota de contenido con formato preestablecido |
De la investigación científica a la búsqueda espiritual. -- ¿Religión o filosofía?. -- El fantasma de la caja negra. -- ¿Una ciencia de la mente?. -- sobre la metafísica budista. -- Acción sobre el mundo y acción sobre uno mismo. -- El budismo y Occidente. -- Espiritualidad religiosa y espiritualidad laica. -- ¿De dónde nace la violencia?. -- Sabiduría, ciencia y política. -- Bandera roja. sobre el techo del mundo. -- El budismo: decadencia y renacimiento. -- Fe, rito y superstición. -- El budismo y la muerte. -- El individuo rey. -- Budismo y psicoanálisis. -- Influencias culturales y tradición espiritual. -- Sobre el progreso y la novedad. -- El monje interroga al filósofo. -- Conclusión del filósofo. -- Conclusión del monje. |
| 563 ## - NOTA DE ENCUADERNACIÓN |
| Nota de encuadernación |
Rústico |
| 653 ## - TÉRMINO DE INDIZACIÓN - NO CONTROLADO |
| Término no controlado |
Budismo |
| 700 ## - ASIENTO SECUNDARIO - NOMBRE PERSONAL |
| 9 (RLIN) |
2537 |
| Nombre personal |
Revel, Jean-François. |
| Responsabilidad |
autor |
| 700 ## - ASIENTO SECUNDARIO - NOMBRE PERSONAL |
| 9 (RLIN) |
2538 |
| Nombre personal |
Ricard, Matthieu. |
| Responsabilidad |
autor |
| 700 ## - ASIENTO SECUNDARIO - NOMBRE PERSONAL |
| Nombre personal |
Solar, Juan José del. |
| Responsabilidad |
traductor |
| 9 (RLIN) |
4080 |
| 942 ## - TIPO DE MATERIAL (KOHA) |
| Tipo de Item KOHA |
Libros General |
| 945 ## - INFORMACIÓN LOCAL DEL REGISTRO |
| Catalogador |
JTF-925 |